| 000 | 00667nam a22001937a 4500 | ||
|---|---|---|---|
| 999 |
_c12846 _d12846 |
||
| 003 | AR-CdUCM | ||
| 008 | 190410b ||||| |||| 00| 0 spa d | ||
| 040 |
_aMUNICIPALIDAD PROVINCIAL DEL CUSCO _cBIBLIOTECA MUNICIPAL DEL CUSCO |
||
| 082 |
_a869.944 / _bL44 / 1956 |
||
| 100 |
_aLemus, José María _930929 |
||
| 245 | _aLas Constituciones de Sancho o el Gobierno de un hombre de Rima / | ||
| 260 |
_aLima : _bInstituto Magisterial Peruano - Salvadoreño, _c1956. |
||
| 300 |
_a40 páginas ; _c11 cm. |
||
| 505 | _aContenido: Divulgaciones. | ||
| 650 |
_aSiglo XX _98 |
||
| 650 |
_aLiteratura Salvadoreña _99563 |
||
| 942 |
_2ddc _cLIBROS |
||
| 945 |
_aachl _d2019-04-10 |
||